000 00424nam a22001337a 4500
999 _c4071
_d4071
008 200715b ||||| |||| 00| 0 eng d
082 0 0 _223rd
_a620.0042
_bR1615
100 _93302
_aRajasekaran, S.
245 1 0 _aFinite element analysis in engineering design /
_cby S. Rajasekaran
260 _aAllahabad:
_bWheeler publishing,
_c1993.
300 _axiv, 496 p.
650 0 _aFinite element method
942 _cBK